| 000 | 00576nam a2200193Ia 4500 | ||
|---|---|---|---|
| 008 | 240729s9999 xx 000 0 und d | ||
| 022 | _a0975-1564 | ||
| 245 | 0 | _aIndian Journal of Psychological Medicine | |
| 260 | _aIndia | ||
| 260 | _bSAGE Publishing | ||
| 650 | _a Internal medicine | ||
| 650 | _a Neurology. Diseases of the nervous system | ||
| 650 | _a Neurosciences. Biological psychiatry. Neuropsychiatry | ||
| 650 | _a Psychiatry | ||
| 650 | _aMedicine | ||
| 856 | _uhttps://doaj.org/toc/362d0abd7f6041fe857889a5ba69c39c | ||
| 942 | _2ddc | ||
| 942 | _cDOAJEJ | ||
| 999 |
_c68544 _d68544 |
||
| 945 |
_a1 _bMadushi Gamage _c1 _dMadushi Gamage |
||